|
|
|
|
| LEADER |
00000nab a2200000 a 4500 |
| 001 |
vtls000906698 |
| 003 |
SK-MaSNL |
| 005 |
20260305024150.0 |
| 008 |
040720e20010302xo 0 slo |
| 035 |
|
|
|a KE15640
|
| 040 |
|
|
|a KEVKJB
|b slo
|c KEVKJB
|e AACR2
|
| 041 |
0 |
|
|a slo
|
| 044 |
|
|
|a xo
|c SK
|
| 080 |
|
|
|a 73/76(=914.99)
|2 1981
|
| 080 |
|
|
|a 061.4
|2 1981
|
| 100 |
0 |
|
|a (juk)
|4 aut
|9 840969
|
| 245 |
1 |
0 |
|a Rómski umelci vystavujú
|
| 300 |
|
|
|b 1 foto
|
| 610 |
2 |
7 |
|a Maďarský spoločenský dom (Košice, Slovensko)
|2 KEVKJB
|9 878122
|
| 611 |
1 |
7 |
|a Svet očami Rómov (výstava)
|2 KEVKJB
|9 1552938
|
| 650 |
0 |
7 |
|a insitné umenie
|2 KEVKJB
|9 208408
|
| 650 |
0 |
7 |
|a výtvarníci
|2 KEVKJB
|9 118705
|
| 650 |
0 |
7 |
|a výstavy
|2 KEVKJB
|9 2780
|
| 651 |
|
7 |
|a Mäsiarska ulica č. 59
|2 KEVKJB
|9 1554071
|
| 651 |
|
7 |
|a Košice (Slovensko)
|2 KEVKJB
|9 18694
|
| 651 |
|
7 |
|a KE,
|2 KEVKJB
|9 877256
|
| 655 |
|
7 |
|a periodikum
|2 snkbucl
|9 29553
|
| 710 |
2 |
|
|a Maďarský spoločenský dom (Košice, Slovensko)
|4 aut
|9 878122
|
| 773 |
0 |
8 |
|t Košický denník Korzár
|g Roč. 4, č.51, 2.3.2001, s. 3
|x 1335-4566
|
| 852 |
|
|
|a ZVYKNI
|b KIS3GCP
|
| 999 |
|
|
|c 3300902
|d 3302832
|